Compendio de psicología experimental

Gardado en:
Detalles Bibliográficos
Autor Principal: Frobes, José (Author)
Formato: Libro
Idioma:Lingua castelá
Publicado: Madrid Razón y Fe 1949
Subjects:
Tags: Engadir etiqueta
Sen Etiquetas, Sexa o primeiro en etiquetar este rexistro!

MARC

LEADER 00000nam a2200000 a 4500
001 UCY6073
003 CL-VaPUC
008 950521e19490323SP |||||||||||||||||spa|d
082 0 4 |a 150.724  |b FRO  |2 21 
100 0 |a Frobes, José  |e author  |9 335673 
245 1 0 |a Compendio de psicología experimental 
300 |a 422 p 
942 |c BK 
945 |d 19950521 00:00:00  |a mfernand 
260 |a Madrid  |b Razón y Fe  |c 1949 
650 7 |a PSICOLOGIA EXPERIMENTAL  |2 CL-VaPUC  |9 309015 
650 7 |a SENSACION  |2 CL-VaPUC  |9 334611 
650 0 |a Percepción   |9 266750 
650 0 |a Cognición   |9 270347 
650 0 |a Personalidad   |9 307255 
650 0 |a Memoria  |9 266549 
650 0 |a Procesos mentales superiores  |9 330839 
650 0 |a Inteligencia  |9 267038 
650 0 |a Emociones   |9 265224 
650 0 |a Voluntad  |9 307812 
650 0 |a Conciencia  |9 309452 
650 0 |a Sueño  |9 334635 
650 0 |a Hipnosis   |9 334258 
650 0 |a Enfermedades mentales   |9 310204 
583 |a last modification  |c 20120828 09:58:38  |k Rodrigo Vera 
999 |c 233656  |d 233654 
952 |0 0  |1 0  |4 0  |6 150_724000000000000_FRO_1949  |7 0  |8 P  |9 239322  |a BIBEDU  |b BIBEDU  |c BIBEDU_PB  |d 2019-11-18  |i 1505742  |o 150.724 FRO 1949  |p 1505742  |r 2024-01-25  |w 2019-11-18  |y BK  |k EDU